000 00328nam a2200145 a 4500
008 001228s1976||||xx 0 und c
040 _aSNK
_bslo
_cSNK
_eAACR2
100 1 _aForsyth, Frederick
245 1 0 _aĹ akal
260 _aBratislava
_bSmena
_c1976
300 _a387 s.
020 _c32
044 _axo
_cSK
041 _aslo
999 _c10569
_d10569